Statistics for Five Biggest Countries by Containing Letter (with a map)

Click here to take the quiz!

General Stats

  • This quiz has been taken 1,446 times
  • The average score is 44 of 55

Answer Stats

Letter(s) Country % Correct
A1, I1, R1, S1, U1Russia
100%
A4, D2, E1, I3, N3, S2, T1, U2United States
100%
I5, L2, R3, S3, T2, U3Australia
99%
E2, G1, N5, R4, T3Argentina
99%
A5, B1, I4, L1, R2, Z1Brazil
99%
A2, C1, D1, N1Canada
99%
A3, C2, H1, I2, N2China
99%
C4, E5, M2, O2, X1Mexico
98%
E3, G2, L3, R5Algeria
98%
D3, N4India
98%
B2, C3, D4, E4, F1, G3, H3, L4, M1, O1, P1, T5DR Congo
97%
H2, K1, T4, Z2Kazakhstan
97%
B3, D5, S4, U4Saudi Arabia
96%
M3, G4, O4Mongolia
96%
B4, L5, Y1Libya
95%
S5, U5Sudan
94%
J1Japan
93%
F4France
93%
P2Peru
93%
O3Indonesia
93%
P4, Y2Egypt
92%
V2, Z4Venezuela
91%
K3, Y3Turkey
91%
F2, H5South Africa
91%
K4Ukraine
90%
B5, M5Colombia
90%
C5, H4Chad
89%
K2, P5Pakistan
89%
G5Niger
89%
W3Sweden
88%
V1Bolivia
87%
M4Mali
86%
O5Angola
86%
P3Ethiopia
84%
W5Norway
80%
Y5Yemen
80%
Q2Iraq
80%
Q1, Z5Mozambique
79%
F3Afghanistan
77%
Q4Qatar
76%
W4Zimbabwe
76%
Z3Tanzania
75%
V3Vietnam
73%
K5, Y4Kenya
71%
W2P.N.G.
67%
J3Jordan
64%
J2Tajikistan
61%
W1Botswana
58%
F5C.A.R.
57%
J4Azerbaijan
45%
Q3Equatorial Guinea
36%
X2Luxembourg
32%
J5Djibouti
32%
V4Cote d'Ivoire
24%
V5Latvia
16%

Score Distribution

Percentile by Number Answered

Percent of People with Each Score

Your Score History

You have not taken this quiz